Chargement en cours...

A history of modern Burma

Détails bibliographiques
Auteur principal: Charney, Michael W; Author
Format: Printed Book
Publié: New York, Cambridge University Press 2009
Sujets:
LEADER 006980000a22002170004500
020 |a 978-0-521-61758-1 
082 |a 959.105 P9 
100 |a Charney, Michael W; Author 
245 |a A history of modern Burma 
250
260 |a New York, Cambridge University Press  |e 2009 
260 |c 2009 
460 |a xiii, 241p 
465 |a GBP14.99 
500 |a Includes bibliographical references and index 
500 |a Michael W Charney 
650 |a Burma-History 
650 |a Burma-Politics and government 
942 |c BK 
999 |c 47120  |d 47120 
952 |0 0  |1 0  |4 0  |6 959_105000000000000_P9  |7 0  |8 ENG  |9 47852  |a MGUL  |b MGUL  |d 2013-07-16  |e GBP14.99  |l 1  |o 959.105 P9  |p 45408  |r 2013-07-26  |s 2013-07-17  |w 2013-07-16  |y BK